| 000 | 00396nam a2200181Ia 4500 | ||
|---|---|---|---|
| 001 | 2776 | ||
| 005 | 20260306144832.0 | ||
| 008 | 260306t1977||||xx |||||||||||||| ||spa|| | ||
| 041 | _aESP | ||
| 082 |
_a230 _bG84 |
||
| 100 |
_aGuardini, Romano _eAUT |
||
| 245 | 0 | _aLa esencia del cristianismo | |
| 260 | _c1977 | ||
| 300 |
_a _c |
||
| 650 | _aGEN | ||
| 654 | _aCHU | ||
| 942 |
_cLIB _dJUS _fJUS _2ddc _n |
||
| 999 |
_c2776 _d2776 |
||